| 000 | 00371nam a2200145Ia 4500 | ||
|---|---|---|---|
| 005 | 20250729165742.0 | ||
| 008 | 250729s2012 xx 000 0 und d | ||
| 041 | _akan | ||
| 082 | _a420.25 RAGM | ||
| 100 |
_aRaghavendra Herle _9232125 |
||
| 245 | _aMoulya shikshana | ||
| 260 |
_aMysore _bShruthi Loka Prakashana _c2012 |
||
| 300 | _a128p | ||
| 650 |
_aEducation _9232126 |
||
| 999 |
_c239626 _d239626 |
||